Normal view
MARC view
- Efron, Sara Efrat
Entry Personal Name
001 - CONTROL NUMBER
- control field: 120223
003 - CONTROL NUMBER IDENTIFIER
- control field: NUST
005 - DATE AND TIME OF LATEST TRANSACTION
- control field: 20240201173239.0
008 - FIXED-LENGTH DATA ELEMENTS
- fixed length control field: 240201|| aca||aabn | a|a d
040 ## - CATALOGING SOURCE
- Original cataloging agency: NUST
- Transcribing agency: NUST
100 ## - HEADING--PERSONAL NAME
- Personal name: Efron, Sara Efrat
670 ## - SOURCE DATA FOUND
- Source citation: Work cat.: (NUST)0: Efron, Sara Efrat, author., Action research in education :
